000 00598nam a22001817a 4500
005 20260205084528.0
008 260204b |||||||| |||| 00| 0 eng d
020 _a978-178583569-8
050 _aLB 1737 .E57 2021
100 _aENSER, ZOE
245 _aTHE CPD CURRICULUM: CREATING CONDITIONS FOR GROWTH
260 _aCARMARTHEN, WALES
_bCROWN HOUSE PUBLISHING LIMITEDD
_c2021
300 _avii, 141 P , ILL
500 _aINCLUDES BIBLIOGRAPHY
650 _a1.TEACHERS-IN- SERVICE TRAINING 2. PROFESSIONAL DEVELOPMENT EDUCATION
700 _a ENSER MARK, CAROLINE BARLOW
942 _2lcc
_cBK
999 _c216543
_d216543